Detalles MARC
| 000 -LEADER |
| campo de control de longitud fija |
06782cam a22007094i 4500 |
| 003 - IDENTIFICADOR DE NÚMERO DE CONTROL |
| campo de control |
PE-LiUPU |
| 005 - FECHA Y HORA DE LA ÚLTIMA TRANSACCIÓN |
| campo de control |
20250731172908.0 |
| 008 - DATOS DE LONGITUD FIJA--INFORMACIÓN GENERAL |
| campo de control de longitud fija |
150706s2007 ag a r 000 0 spa d |
| 020 ## - NÚMERO INTERNACIONAL ESTÁNDAR DEL LIBRO |
| Número Internacional Estándar del Libro |
987567317X |
| 020 ## - NÚMERO INTERNACIONAL ESTÁNDAR DEL LIBRO |
| Número Internacional Estándar del Libro |
9789875673175 |
| 035 ## - NÚMERO DE CONTROL DEL SISTEMA |
| Número de control de sistema |
(Sirsi) a166772 |
| 040 ## - FUENTE DE CATALOGACIÓN |
| Centro catalogador/agencia de origen |
PE-LiUPU |
| Lengua de catalogación |
spa |
| Centro/agencia transcriptor |
PE-LiUPU |
| Normas de descripción |
rda |
| 049 ## - FONDOS LOCALES (OCLC) |
| Biblioteca depositaria |
PRUA |
| 082 04 - NÚMERO DE LA CLASIFICACIÓN DECIMAL DEWEY |
| Número de clasificación |
286.7325 |
| Cutter |
CPI |
| 082 04 - NÚMERO DE LA CLASIFICACIÓN DECIMAL DEWEY |
| Número de clasificación |
W286.7325 |
| Cutter |
CPI 2007 |
| 100 1# - ENTRADA PRINCIPAL--NOMBRE DE PERSONA |
| Nombre de persona |
White, Elena G. de, |
| Término indicativo de función/relación |
autor. |
| 245 10 - MENCIÓN DEL TÍTULO |
| Título |
Consejos para la iglesia : |
| Resto del título |
un manual de creencias doctrinales y vida cristiana / |
| Mención de responsabilidad, etc. |
Elena G. de White, dirigido por Aldo D. Orrego. |
| 264 #1 - PRODUCCIÓN, PUBLICACIÓN, DISTRIBUCIÓN, FABRICACIÓN Y COPYRIGHT |
| Producción, publicación, distribución, fabricación y copyright |
Buenos Aires, Argentina : |
| Nombre del de productor, editor, distribuidor, fabricante |
Asociación Casa Editora Sudamericana, |
| Fecha de producción, publicación, distribución, fabricación o copyright |
2007. |
| 300 ## - DESCRIPCIÓN FÍSICA |
| Extensión |
335 páginas ; |
| Dimensiones |
20 centímetros. |
| 336 ## - TIPO DE CONTENIDO |
| Término de tipo de contenido |
text |
| Fuente |
rdacontent |
| 337 ## - TIPO DE MEDIO |
| Nombre/término del tipo de medio |
unmediated |
| Fuente |
rdamedia |
| 338 ## - TIPO DE SOPORTE |
| Nombre/término del tipo de soporte |
volume |
| Fuente |
rdacarrier |
| 500 ## - NOTA GENERAL |
| Nota general |
Cubierta Flexible |
| 505 0# - NOTA DE CONTENIDO CON FORMATO |
| Nota de contenido con formato |
Una visión de la recompensa de los fieles. -- El tiempo del fin -- Prepárate para encontrarte con tu Dios -- Unión con Cristo y amor fraternal -- Cristo nuestra justicia -- La vida santificada -- Dios tiene una obra para usted -- "Heme aquí, Señor, envíame a mí" -- Las publicaciones de la iglesia -- La creencia en un Dios personal -- Los cristianos deben representar a Dios -- En el mundo pero no del mundo -- La Biblia. Los testimonios para la iglesia -- El espíritu Santo -- Mantener despejada la conexión de Dios con el hombre -- Pureza de corazón y de vida -- La elección de esposo o esposa -- No se case con un incrédulo -- El matrimonio -- Un matrimonio feliz y de éxito -- La relación entre los esposos -- La madre y su hijo -- Los padres cristianos -- El hogar cristiano -- La infuencia espiritual en el hogar -- Las finanzas en el hogar -- Actividades de la familia durante los días de fiesta y los aniversarios -- La recreación -- Las vías de acceso a la mente que deben custodiarse -- La elección del material de lectura -- La música -- La crítica y sus efectos -- Consejos con respecto a la vestimenta -- Un llamado a la juventud -- La disciplina y la educación apropiada de nuestros hijos -- La educación cristiana -- El llamamiento a vivir una vida temperante -- La importancia de la limpieza -- El alimento que comemos -- Alimentos a base de carne -- Fedelidad en la reforma pro salud -- La iglesia en la tierra -- La organización de la iglesia -- La casa de Dios -- Cómo tratar con los que yerran -- La observancia del santo sábado de Dios -- Consejos sobre mayordomía -- La actitud cristiana hacia los necesitados y los dolientes -- Los cristianos en todo el mundo llegan a ser uno en Cristo -- Las reuniones de oración -- El bautismo -- La cena del Señor -- La oración por los enfermos -- La obra médica -- La relación con los que no son de nuestra fe -- Nuestras relaciones con las autoridades civiles y con las leyes -- La obra de engaño de satanás -- La falsa ciencia: el moderno vestido de luz de satanás -- Los milagros mentirosos de satanás -- La crísis venidera -- El tiempo del zarandeo -- Algunas cosas para recordar -- Cristo, nuestro gran sumo sacerdote -- Josué y el ángel -- "He aquí yo vengo pronto". |
| 526 ## - NOTA DE INFORMACIÓN SOBRE EL PROGRAMA DE ESTUDIO |
| Nombre del programa |
Segunda Especialidad En Profecías Bíblicas |
| 526 ## - NOTA DE INFORMACIÓN SOBRE EL PROGRAMA DE ESTUDIO |
| Nombre del programa |
Segunda Especialidad En Nuevo Testamento |
| 526 ## - NOTA DE INFORMACIÓN SOBRE EL PROGRAMA DE ESTUDIO |
| Nombre del programa |
Segunda Especialidad En Antiguo Testamento |
| 526 ## - NOTA DE INFORMACIÓN SOBRE EL PROGRAMA DE ESTUDIO |
| Nombre del programa |
Segunda Especialidad En Estudios Adventistas |
| 526 ## - NOTA DE INFORMACIÓN SOBRE EL PROGRAMA DE ESTUDIO |
| Nombre del programa |
Doctorado en teología |
| 526 ## - NOTA DE INFORMACIÓN SOBRE EL PROGRAMA DE ESTUDIO |
| Nombre del programa |
Maestría en teología histórica |
| 526 ## - NOTA DE INFORMACIÓN SOBRE EL PROGRAMA DE ESTUDIO |
| Nombre del programa |
Maestría en teología bíblica |
| 526 ## - NOTA DE INFORMACIÓN SOBRE EL PROGRAMA DE ESTUDIO |
| Nombre del programa |
Maestría en teología |
| 526 ## - NOTA DE INFORMACIÓN SOBRE EL PROGRAMA DE ESTUDIO |
| Nombre del programa |
Maestría en misionología |
| 526 ## - NOTA DE INFORMACIÓN SOBRE EL PROGRAMA DE ESTUDIO |
| Nombre del programa |
Maestría en liderazgo eclesiástico |
| 526 ## - NOTA DE INFORMACIÓN SOBRE EL PROGRAMA DE ESTUDIO |
| Nombre del programa |
Teología |
| 596 ## - |
| -- |
1 3 |
| 650 04 - PUNTO DE ACCESO ADICIONAL DE MATERIA--TÉRMINO DE MATERIA |
| Término de materia o nombre geográfico como elemento de entrada |
IASD |
| Subdivisión general |
Doctrinas |
| Subdivisión de forma |
Compilación. |
| 650 04 - PUNTO DE ACCESO ADICIONAL DE MATERIA--TÉRMINO DE MATERIA |
| Término de materia o nombre geográfico como elemento de entrada |
Iglesia Adventista. |
| 700 1# - ENTRADA AGREGADA--NOMBRE PERSONAL |
| Nombre de persona |
Orrego. Aldo D., |
| Término indicativo de función/relación |
director. |
| 910 ## - DATOS DE OPCIÓN DEL USUARIO (OCLC) |
| Datos de opción del usuario |
ebj |
| -- |
ebj |
| -- |
jck |
| -- |
20170207 |
| 942 ## - ELEMENTOS DE ENTRADA SECUNDARIOS (KOHA) |
| Fuente del sistema de clasificación o colocación |
Clasificación Decimal Dewey |
| Tipo de ítem Koha |
|
| 949 ## - PROCESAMIENTO DE INFORMACIÓN LOCAL (OCLC) |
| a |
W286.7325 CPI 2007 |
| w |
DEWEY |
| c |
1 |
| i |
FJ09436 |
| l |
CCODEBUJ1 |
| m |
BUJ |
| p |
5.00 |
| r |
0 |
| s |
Y |
| t |
BOOK |
| u |
2018-06-27 |
| x |
SALUD |
| z |
ENFERMERÍA |
| o |
.STAFF. Colección General Juliaca |
| 949 ## - PROCESAMIENTO DE INFORMACIÓN LOCAL (OCLC) |
| a |
W286.7325 CPI 2007 |
| w |
DEWEY |
| c |
2 |
| i |
FJ09437 |
| l |
CCODEBUJ1 |
| m |
BUJ |
| p |
5.00 |
| r |
0 |
| s |
Y |
| t |
BOOK |
| u |
2018-06-27 |
| x |
SALUD |
| z |
ENFERMERÍA |
| o |
.STAFF. Colección General Juliaca |
| 949 ## - PROCESAMIENTO DE INFORMACIÓN LOCAL (OCLC) |
| a |
W286.7325 CPI 2007 |
| w |
DEWEY |
| c |
3 |
| i |
FJ09438 |
| l |
CCODEBUJ1 |
| m |
BUJ |
| p |
5.00 |
| r |
0 |
| s |
Y |
| t |
BOOK |
| u |
2018-06-27 |
| x |
SALUD |
| z |
ENFERMERÍA |
| o |
.STAFF. Colección General Juliaca |
| 949 ## - PROCESAMIENTO DE INFORMACIÓN LOCAL (OCLC) |
| a |
W286.7325 CPI 2007 |
| w |
DEWEY |
| c |
4 |
| i |
FJ09439 |
| l |
CCODEBUJ1 |
| m |
BUJ |
| p |
5.00 |
| r |
0 |
| s |
Y |
| t |
BOOK |
| u |
2018-06-27 |
| x |
SALUD |
| z |
ENFERMERÍA |
| o |
.STAFF. Colección General Juliaca |
| 949 ## - PROCESAMIENTO DE INFORMACIÓN LOCAL (OCLC) |
| a |
W286.7325 CPI 2007 |
| w |
DEWEY |
| c |
5 |
| i |
FJ09440 |
| l |
CCODEBUJ1 |
| m |
BUJ |
| p |
5.00 |
| r |
0 |
| s |
Y |
| t |
BOOK |
| u |
2018-06-27 |
| x |
SALUD |
| z |
ENFERMERÍA |
| o |
.STAFF. Colección General Juliaca |
| 949 ## - PROCESAMIENTO DE INFORMACIÓN LOCAL (OCLC) |
| a |
W286.7325 CPI 2007 |
| w |
DEWEY |
| c |
6 |
| i |
FJ09441 |
| l |
CCODEBUJ1 |
| m |
BUJ |
| p |
5.000 |
| r |
0 |
| s |
Y |
| t |
BOOK |
| u |
2018-06-27 |
| x |
SALUD |
| z |
ENFERMERÍA |
| o |
.STAFF. Colección General Juliaca |
| 949 ## - PROCESAMIENTO DE INFORMACIÓN LOCAL (OCLC) |
| a |
W286.7325 CPI 2007 |
| w |
DEWEY |
| c |
7 |
| i |
FJ09442 |
| l |
CCODEBUJ1 |
| m |
BUJ |
| p |
5.00 |
| r |
0 |
| s |
Y |
| t |
BOOK |
| u |
2018-06-27 |
| x |
SALUD |
| z |
ENFERMERÍA |
| o |
.STAFF. Colección General Juliaca |
| 949 ## - PROCESAMIENTO DE INFORMACIÓN LOCAL (OCLC) |
| a |
W286.7325 CPI 2007 |
| w |
DEWEY |
| c |
8 |
| i |
FJ09443 |
| l |
CCODEBUJ1 |
| m |
BUJ |
| p |
5.00 |
| r |
0 |
| s |
Y |
| t |
BOOK |
| u |
2018-06-27 |
| x |
SALUD |
| z |
ENFERMERÍA |
| o |
.STAFF. Colección General Juliaca |
| 994 ## - |
| -- |
C0 |
| -- |
PEPRU |
| 999 ## - NÚMEROS DE CONTROL DE SISTEMA (KOHA) |
| -- |
LC |
| -- |
75411 |
| -- |
2017-5-29 |
| -- |
2021-11-11 |
| -- |
5 |
| -- |
CCODEBUL1 |
| -- |
BUL |
| -- |
1 |
| -- |
5.00 |
| -- |
5 |
| -- |
0 |
| -- |
Y |
| -- |
BOOK |
| -- |
2017-2-7 |
| -- |
TEOLOGIA |
| -- |
P35 |
| -- |
DONACION |
| -- |
.STAFF. Colección Teología |
| 999 ## - NÚMEROS DE CONTROL DE SISTEMA (KOHA) |
| -- |
DEWEY |
| -- |
FJ09436 |
| -- |
2022-2-2 |
| -- |
4 |
| -- |
CCODEBUJ1 |
| -- |
BUJ |
| -- |
5.00 |
| -- |
1 |
| -- |
0 |
| -- |
Y |
| -- |
BOOK |
| -- |
2017-12-7 |
| -- |
BIBLIOTECA |
| -- |
UNKNOWN |
| -- |
COMPRA |
| -- |
.STAFF. Colección General Juliaca |
| 999 ## - NÚMEROS DE CONTROL DE SISTEMA (KOHA) |
| -- |
DEWEY |
| -- |
FJ09437 |
| -- |
2022-2-2 |
| -- |
4 |
| -- |
CCODEBUJ1 |
| -- |
BUJ |
| -- |
1 |
| -- |
0 |
| -- |
Y |
| -- |
BOOK |
| -- |
2017-12-7 |
| -- |
BIBLIOTECA |
| -- |
UNKNOWN |
| -- |
COMPRA |
| -- |
.STAFF. Colección General Juliaca |
| 999 ## - NÚMEROS DE CONTROL DE SISTEMA (KOHA) |
| -- |
DEWEY |
| -- |
FJ09438 |
| -- |
2022-2-2 |
| -- |
4 |
| -- |
CCODEBUJ1 |
| -- |
BUJ |
| -- |
5.00 |
| -- |
2 |
| -- |
0 |
| -- |
Y |
| -- |
BOOK |
| -- |
2017-12-7 |
| -- |
BIBLIOTECA |
| -- |
UNKNOWN |
| -- |
COMPRA |
| -- |
.STAFF. Colección General Juliaca |
| 999 ## - NÚMEROS DE CONTROL DE SISTEMA (KOHA) |
| -- |
DEWEY |
| -- |
FJ09439 |
| -- |
2022-2-2 |
| -- |
4 |
| -- |
CCODEBUJ1 |
| -- |
BUJ |
| -- |
5.00 |
| -- |
2 |
| -- |
0 |
| -- |
Y |
| -- |
BOOK |
| -- |
2017-12-7 |
| -- |
BIBLIOTECA |
| -- |
UNKNOWN |
| -- |
COMPRA |
| -- |
.STAFF. Colección General Juliaca |
| 999 ## - NÚMEROS DE CONTROL DE SISTEMA (KOHA) |
| -- |
DEWEY |
| -- |
FJ09440 |
| -- |
2022-2-2 |
| -- |
4 |
| -- |
CCODEBUJ1 |
| -- |
BUJ |
| -- |
5.00 |
| -- |
2 |
| -- |
0 |
| -- |
Y |
| -- |
BOOK |
| -- |
2017-12-7 |
| -- |
BIBLIOTECA |
| -- |
UNKNOWN |
| -- |
COMPRA |
| -- |
.STAFF. Colección General Juliaca |
| 999 ## - NÚMEROS DE CONTROL DE SISTEMA (KOHA) |
| -- |
DEWEY |
| -- |
FJ09441 |
| -- |
2022-2-2 |
| -- |
4 |
| -- |
CCODEBUJ1 |
| -- |
BUJ |
| -- |
5.00 |
| -- |
1 |
| -- |
0 |
| -- |
Y |
| -- |
BOOK |
| -- |
2017-12-7 |
| -- |
BIBLIOTECA |
| -- |
UNKNOWN |
| -- |
COMPRA |
| -- |
.STAFF. Colección General Juliaca |
| 999 ## - NÚMEROS DE CONTROL DE SISTEMA (KOHA) |
| -- |
DEWEY |
| -- |
FJ09442 |
| -- |
2018-6-14 |
| -- |
2022-2-2 |
| -- |
4 |
| -- |
CCODEBUJ1 |
| -- |
BUJ |
| -- |
1 |
| -- |
5.00 |
| -- |
2 |
| -- |
0 |
| -- |
Y |
| -- |
BOOK |
| -- |
2017-12-7 |
| -- |
BIBLIOTECA |
| -- |
UNKNOWN |
| -- |
COMPRA |
| -- |
.STAFF. Colección General Juliaca |
| 999 ## - NÚMEROS DE CONTROL DE SISTEMA (KOHA) |
| -- |
DEWEY |
| -- |
FJ09443 |
| -- |
2022-2-2 |
| -- |
4 |
| -- |
CCODEBUJ1 |
| -- |
BUJ |
| -- |
5.00 |
| -- |
2 |
| -- |
0 |
| -- |
Y |
| -- |
BOOK |
| -- |
2017-12-7 |
| -- |
BIBLIOTECA |
| -- |
UNKNOWN |
| -- |
COMPRA |
| -- |
.STAFF. Colección General Juliaca |
| 980 ## - EQUIVALENCIA O REFERENCIA-CRUZADA-MENCIÓN DE SERIE--NOMBRE DE PERSONA/TÍTULO [LOCAL, CANADÁ] |
| ID del último usuario que modificó el registro |
1 |
| Nombre del último usuario que modificó el registro |
ALBERTO SANCHEZ Responsable de Automatización |